00529nam a2200193 a 4500001001300000003000900013005001700022008004100039020001000080082001500090100002500105245004000130260004300170300000900213500003500222505003200257650002100289700002500310nice12345678IN_TiNIC20260116011914.0050524s1924 cula grp 000 0 eng  ac10000a181.4bVID aVidyaratna, K Sastru aIntroduction to Adwaita Philosophy. aCulcattabUniversity of Calcuttac1924 a194p aincludes index and biblioraphy2 aIndex of sanskrit reference aPhilosophy-Hindu1 aVidyaratna, K Sastru